000 00460cam a2200193 4500
001 D10858
008 090401t1980 xxu||||| |||| 00| 0 eng d
035 _a(Sirsi) u96880
041 _aeng
050 _a346.4104346
100 _aHoyes, T
245 _aImprovements and redevelopment by lessess
260 _c1980
350 _a0
520 _aIn Blundell Memorial Lectures 1980
700 _aPriday, Christopher
942 _n0
948 _c04/03/1997
999 _c98707
_d98707